Mvuvi na Samaki na Hadithi nyingine (Record no. 6419)

MARC details
005 - DATE AND TIME OF LATEST TRANSACTION
control field 20250629150327.0
020 ## - INTERNATIONAL STANDARD BOOK NUMBER
International Standard Book Number 9789912983793
082 ## - DEWEY DECIMAL CLASSIFICATION NUMBER
Classification number 891.73 PUS
100 ## - MAIN ENTRY--PERSONAL NAME
Author name PUSHKIN,A.
245 ## - TITLE STATEMENT
Title Mvuvi na Samaki na Hadithi nyingine
260 ## - PUBLICATION, DISTRIBUTION, ETC.
Place of publication, distribution, etc. Dar es Salaam,
Name of publisher, distributor, etc. Dhahabu Publishers,
Date of publication, distribution, etc. 2000's.
300 ## - PHYSICAL DESCRIPTION
Extent 87p.
Dimensions 21cm
700 ## - ADDED ENTRY--PERSONAL NAME
Other authors/Editors Madumula,J.S.
700 ## - ADDED ENTRY--PERSONAL NAME
Other authors/Editors Mbigili,M.J.
942 ## - ADDED ENTRY ELEMENTS (KOHA)
Source of classification or shelving scheme Dewey Decimal Classification
Koha item type Books
Holdings
Date last seen Total checkouts Full call number Barcode Cost, replacement price Price effective from Koha item type Lost status Source of classification or shelving scheme Damaged status Not for loan Withdrawn status Home library Current library Shelving location Date acquired Source of acquisition Cost, normal purchase price
06/29/2025   891.73 PUS MZA0002944 30000.00 06/29/2025 Books   Dewey Decimal Classification       CBE Mwanza CBE Mwanza General Collection 01/01/2025 TLSB Donation 10000.00
06/29/2025   891.73 PUS MZA0002943 30000.00 06/29/2025 Books   Dewey Decimal Classification       CBE Mwanza CBE Mwanza General Collection 01/01/2025 TLSB Donation 10000.00
06/29/2025   891.73 PUS MZA0002942 30000.00 06/29/2025 Books   Dewey Decimal Classification       CBE Mwanza CBE Mwanza General Collection 01/01/2025 TLSB Donation 10000.00